Najwięcej tytułów mistrza świata w Formule 1 - Statystyki

Ogólne statystyki
  • Ten quiz został rozwiązany 270 razy
  • Średni wynik to 8 z 11
Statystyki odpowiedzi
Kierowca Narodowość Liczba tytułów % Poprawnych
Lewis Hamilton Wielka Brytania 7
100%
Michael Schumacher Niemcy 7
99%
Ayrton Senna Brazylia 3
92%
Max Verstappen Holandia 3
92%
Sebastian Vettel Niemcy 4
87%
Alain Prost Francja 4
77%
Niki Lauda Austria 3
69%
Juan Manuel Fangio Argentyna 5
61%
Nelson Piquet Brazylia 3
44%
Jackie Stewart Wielka Brytania 3
31%
Jack Brabham Australia 3
26%
Nie znaleziono quizów pasujących do podanych kryteriów
Rozkład punktacji
Procent ludzi z każdym wynikiem
Percentyl według liczby udzielonych odpowiedzi
Twoja historia wyników
Nie rozwiązałeś tego quizu